| 000 | 01009cam a22002054a 4500 | ||
|---|---|---|---|
| 005 | 20250605163931.0 | ||
| 008 | 250528s ||||||||||||||||||||||||d | ||
| 035 | _a14680 | ||
| 020 | _a122834852 | ||
| 040 |
_aGR-AtMCL _bgre _dGR-AtMCL _eAACR2 |
||
| 245 | 1 | _aThinking / Directed, Undirected and Creative | |
| 250 | _a3rd | ||
| 260 |
_bAllyn And Bacon, _c1996 |
||
| 300 | _a296 | ||
| 520 | _aAn up-to-date review of a wide range of research and theory aimed at increasing our understanding of thought processes. Preface, Introduction, Solving Puzzles, Expertise 1: Adversary Problems, Expertise 2: Non-Adversary Problems, Deductive Reasoning 1: Categorical Syllogisms, Deductive Reasoning 2: Propositional Reasoning, Inductive Reasoning: Testing and Generating, Decision Making, Daydreaming, Creative Processes, Thinking: Theoretical Overview and Progress and Prospects, References, Author and subject Index. | ||
| 700 | 1 |
_aGilhooly Kenneth J _9359 |
|
| 942 | _cBK | ||
| 999 |
_c302 _d302 |
||